| 000 | 01099nam a22003257a 4500 | ||
|---|---|---|---|
| 003 | CHAP | ||
| 005 | 20220329134926.0 | ||
| 008 | 971013s1983 r 00010 d | ||
| 010 | _a28170 | ||
| 011 | _a29142 | ||
| 035 | _a33253 | ||
| 040 | _cCHAP | ||
| 082 |
_a581.9095 _bM2 |
||
| 100 | 0 | 0 |
_aMcGinnies, William Grovener. _973533 |
| 245 | _aDiscovering the desert | ||
| 260 |
_aTucson, Ariz. : _bUniversity of Arizona Press, _c1983 |
||
| 300 |
_a276 p. _b: ilus. ; mapas |
||
| 590 |
_aBATCH-UPD _b10 _c20130110 _lUCH01 _h0142 |
||
| 590 |
_aBATCH-UPD _b10 _c20130110 _lUCH01 _h1932 |
||
| 590 |
_aBATCH-UPD _b10 _c20130410 _lUCH01 _h1256 |
||
| 590 |
_aBATCH-UPD _b10 _c20130914 _lUCH01 _h1153 |
||
| 590 |
_aCONVERSION _b10 _c20130109 _lUCH01 _h1316 |
||
| 650 | 1 | 4 |
_aDesierto de Sonora. _932141 |
| 650 | 1 | 4 |
_aDesiertos _xEcologĂa. _932149 |
| 650 | 1 | 4 |
_aFlora desértica. _941326 |
| 901 | _aBK | ||
| 942 | _cLIBRO | ||
| 949 |
_a581.9095 M2 _bBC _cLIBRO _d33724000450391 _eLIBRO _fc.2 _h64332 _i33253 _si _t2.32 |
||
| 949 |
_a581.9095 M2 _bBC _cLIBRO _d33724000601498 _eLIBRO _gI.123509 _h63391 _i33253 _mDirecto _si _t2.32 |
||
| 999 |
_c28170 _d28170 |
||